000 00386nam a22001697a 4500
003 MPLRDC
005 20220104143133.0
008 210129b ||||| |||| 00| 0 eng d
082 _a859.6 SGET v.8*
100 _a不详
245 _a古屋奇遇
_c
260 _a
_b曙光出版社
_c
300 _b
490 _a曙光儿童丛书
650 _a
942 _cBK
_o859.6 SGET v.8*
999 _c36990
_d36980